[Event "Drogheda Congress (Thomson Masters) 2023"]
[Site "Drogheda IRL"]
[Date "2023.06.03"]
[Round "1.1"]
[White "Hushpit, Lukian"]
[Black "Brady, Stephen"]
[Result "0-1"]
[BlackTitle "FM"]
[WhiteElo "1884"]
[BlackElo "2262"]
[WhiteICU "1888"]
[BlackICU "2271"]
[BlackClub "St. Benildus"]
[WhiteNationality "UKR"]
[BlackNationality "IRL"]
[WhiteFideId "14189208"]
[BlackFideId "2500124"]
[PlyCount "80"]
[EventDate "2023.06.03"]
[Source "Live boards"]

{ Event information: <a href="../pairings_drogheda2023.html">Tournament
report</a>. }

1. e4 d5 2. exd5 Qxd5 3. Nc3 Qa5 4. d4 Nf6 5. Nf3 Bf5 6. Bd3 e6 7. O-O Bb4
8. Ne2 Nbd7 9. Bf4 Bg4 10. Ne5 Nxe5 11. Bxe5 Bd6 12. f3 Bh5 13. Qe1 Qxe1
14. Rfxe1 Bg6 15. Nf4 Bxe5 16. dxe5 Nd7 17. Rad1 O-O-O 18. Kf2 Nc5 19. Ke3
Bxd3 20. cxd3 Na4 21. Re2 Nb6 22. h4 Rd7 23. Rc2 Rhd8 24. d4 Nd5+ 25. Nxd5
Rxd5 26. Rd3 c6 27. Rc5 Rxc5 28. dxc5 Rd5 29. Rxd5 exd5 30. g4 Kd7 31. h5
Ke6 32. f4 b6 33. b4 b5 34. Kd3 f6 35. exf6 Kxf6 36. Kd4 h6 37. Ke3 g6 38.
hxg6 Kxg6 39. Kd4 h5 $2 (39... Kf6 $10) 40. g5 $4 (40. gxh5+ Kxh5 41. f5
$18) 40... Kf5 $19 0-1

[Event "Drogheda Congress (Thomson Masters) 2023"]
[Site "Drogheda IRL"]
[Date "2023.06.03"]
[Round "1.2"]
[White "Daly, Colm"]
[Black "Campos Calvo-Sotelo, Juan"]
[Result "1-0"]
[WhiteTitle "FM"]
[WhiteElo "2185"]
[BlackElo "1849"]
[WhiteICU "2183"]
[WhiteClub "Bray/Greystones"]
[WhiteNationality "IRL"]
[BlackNationality "ESP"]
[WhiteFideId "2500434"]
[BlackFideId "2251540"]
[PlyCount "81"]
[EventDate "2023.06.03"]
[Source "Live boards"]

{ Event information: <a href="../pairings_drogheda2023.html">Tournament
report</a>. }

1. c4 g6 2. Nc3 Bg7 3. d4 Nf6 4. e4 d6 5. Nf3 O-O 6. Be2 c6 7. O-O Nbd7 8.
Re1 e5 9. Bf1 h6 10. Rb1 Nh7 11. d5 c5 12. b4 cxb4 13. Rxb4 Nc5 14. Be3 b6
15. Bxc5 bxc5 16. Rb3 f5 17. Qc2 f4 18. Reb1 Bg4 19. Be2 Ng5 20. Nxg5 Qxg5
21. Bxg4 Qxg4 22. f3 Qh4 23. Rb7 Rf7 24. Qf2 Qxf2+ 25. Kxf2 a6 26. Rxf7
Kxf7 27. Rb7+ Kf6 28. Na4 g5 29. Nb6 Rh8 30. Ra7 h5 31. Rxa6 g4 32. a4 Kg5
33. Ra8 Rh6 34. a5 g3+ 35. Kg1 gxh2+ 36. Kxh2 h4 37. a6 h3 38. Rg8 hxg2+
39. Kxg2 Kf6 40. a7 Rg6+ 41. Kf1 1-0

[Event "Drogheda Congress (Thomson Masters) 2023"]
[Site "Drogheda IRL"]
[Date "2023.06.03"]
[Round "1.3"]
[White "Gudauskas, Martynas"]
[Black "Flynn, Jacob"]
[Result "0-1"]
[BlackTitle "CM"]
[WhiteElo "1831"]
[BlackElo "2117"]
[BlackICU "2134"]
[BlackClub "Malahide"]
[WhiteNationality "LTU"]
[BlackNationality "IRL"]
[WhiteFideId "12810312"]
[BlackFideId "2509393"]
[PlyCount "66"]
[EventDate "2023.06.03"]
[Source "Live boards"]

{ Event information: <a href="../pairings_drogheda2023.html">Tournament
report</a>. }

1. e4 g6 2. d4 Bg7 3. Nc3 d6 4. Be3 a6 5. f4 b5 6. Nf3 Bb7 7. Bd3 Nf6 8. e5
Nd5 9. Nxd5 Bxd5 10. O-O e6 11. b3 b4 12. Qd2 Nc6 13. Rac1 O-O 14. c4 bxc3
15. Rxc3 Ra7 16. a3 Ne7 17. Ng5 a5 18. b4 axb4 19. axb4 Ra2 20. Rc2 Rxc2
21. Qxc2 Qb8 22. b5 Qb6 23. Qf2 h6 24. Nf3 Ra8 25. Rd1 Ra2 26. Be2 Bc4 27.
Rd2 Ra1+ 28. Ne1 Qxb5 29. Bxc4 Qxc4 30. g4 Nd5 31. Kg2 Ra3 32. Nc2 Rc3 33.
h3 Rxc2 0-1

[Event "Drogheda Congress (Thomson Masters) 2023"]
[Site "Drogheda IRL"]
[Date "2023.06.03"]
[Round "1.4"]
[White "Putar, Leon"]
[Black "Singpurwala, Kevin"]
[Result "0-1"]
[WhiteElo "2081"]
[BlackElo "1847"]
[WhiteICU "2047"]
[BlackICU "1792"]
[WhiteClub "St. Benildus"]
[BlackClub "Dublin"]
[WhiteNationality "IRL"]
[BlackNationality "IRL"]
[WhiteFideId "14546612"]
[BlackFideId "2508583"]
[PlyCount "106"]
[EventDate "2023.06.03"]
[Source "Live boards"]

{ Event information: <a href="../pairings_drogheda2023.html">Tournament
report</a>. }

1. e4 c5 2. Nf3 d6 3. c3 Nf6 4. h3 Nc6 5. Bd3 e5 6. Bc2 d5 7. exd5 Qxd5 8.
O-O e4 9. Ne1 c4 10. b3 Bd6 11. bxc4 Qe5 12. f4 Qe7 13. d4 exd3 14. Nxd3
O-O 15. Re1 Qc7 16. Na3 a6 17. c5 Be7 18. Nc4 Be6 19. Ne3 Rad8 20. Qf3 Rfe8
21. f5 Bc8 22. Bb2 Ne5 23. Nxe5 Qxe5 24. Kh1 Bxc5 25. Nf1 Qd5 26. Qg3 Bd6
27. Qh4 Qb5 28. Ba4 Qxb2 29. Bxe8 Rxe8 30. Rxe8+ Nxe8 31. Re1 Nf6 32. Qd4
Qa3 33. Rd1 Be7 34. Ne3 h6 35. Qc4 Bd7 36. Qc7 Bc6 37. Rg1 Qc5 38. Qb8+ Kh7
39. Qf4 Nd5 40. Nxd5 Qxd5 41. a4 Bc5 42. c4 Qe4 43. Qxe4 Bxe4 44. Re1 Bc6
45. Ra1 h5 46. h4 Bf2 47. Kh2 Bxh4 48. Kh3 Bf6 49. Ra2 Kh6 50. g4 h4 51. a5
Kg5 52. Rf2 Bc3 53. Ra2 Bf3 0-1

[Event "Drogheda Congress (Thomson Masters) 2023"]
[Site "Drogheda IRL"]
[Date "2023.06.03"]
[Round "2.1"]
[White "Brady, Stephen"]
[Black "Mulay, Pratik"]
[Result "1/2-1/2"]
[WhiteTitle "FM"]
[WhiteElo "2262"]
[BlackElo "1998"]
[WhiteICU "2271"]
[WhiteClub "St. Benildus"]
[WhiteNationality "IRL"]
[BlackNationality "IND"]
[WhiteFideId "2500124"]
[BlackFideId "5059690"]
[PlyCount "44"]
[EventDate "2023.06.03"]
[Source "Live boards"]

{ Event information: <a href="../pairings_drogheda2023.html">Tournament
report</a>. }

1. Nf3 Nf6 2. c4 g6 3. Nc3 Bg7 4. g3 O-O 5. Bg2 d6 6. O-O e5 7. d3 c6 8. b4
Nbd7 9. Bb2 Ne8 10. b5 c5 11. Ne1 Nc7 12. a4 f5 13. a5 Rb8 14. Nc2 Nf6 15.
e3 Be6 16. f4 exf4 17. exf4 d5 18. Re1 Bf7 19. b6 axb6 20. axb6 Na6 21. Na4
dxc4 22. dxc4 Qxd1 1/2-1/2

[Event "Drogheda Congress (Thomson Masters) 2023"]
[Site "Drogheda IRL"]
[Date "2023.06.03"]
[Round "2.2"]
[White "Putar, Lara"]
[Black "Daly, Colm"]
[Result "1-0"]
[BlackTitle "FM"]
[WhiteElo "1975"]
[BlackElo "2185"]
[WhiteICU "1990"]
[BlackICU "2183"]
[WhiteClub "St. Benildus"]
[BlackClub "Bray/Greystones"]
[WhiteNationality "IRL"]
[BlackNationality "IRL"]
[WhiteFideId "14546604"]
[BlackFideId "2500434"]
[PlyCount "86"]
[EventDate "2023.06.03"]
[Source "Live boards"]

{ Event information: <a href="../pairings_drogheda2023.html">Tournament
report</a>. }

1. d4 Nf6 2. c4 e6 3. Nc3 Bb4 4. Qc2 O-O 5. e4 d6 6. e5 dxe5 7. dxe5 Nfd7
8. Nf3 Nc6 9. a3 Be7 10. Bf4 g5 11. h4 gxf4 12. Ng5 Bxg5 $2 (12... f5 13.
Nxe6 Qe8 14. Nxc7 Qd8 15. Nxa8 $14) 13. hxg5 $18 f5 14. exf6 Rf7 15. Bd3
Nxf6 16. gxf6 Qxf6 17. Bxh7+ Kf8 18. O-O-O Bd7 19. Bg6 Re7 20. Ne4 Qxg6 21.
Rh8+ Kg7 22. Rxa8 e5 23. f3 Bf5 24. Qf2 Bxe4 25. fxe4 Qxe4 26. Qh4 Qxc4+
27. Kb1 Qe4+ 28. Ka1 Qh7 29. Qg5+ Kf7 30. Rd3 Re6 31. Rd7+ Ne7 32. Rdd8 Qh6
33. Qg4 Rd6 34. Rh8 Rg6 35. Qd7 Qg7 36. Rae8 Re6 37. Rhf8+ Qxf8 38. Rxf8+
Kxf8 39. Qxe6 Nc6 40. Qc8+ Ke7 41. Qxc7+ Ke6 42. Qxb7 Nd4 43. Qxa7 Nc2+ 1-0

[Event "Drogheda Congress (Thomson Masters) 2023"]
[Site "Drogheda IRL"]
[Date "2023.06.03"]
[Round "2.3"]
[White "Flynn, Jacob"]
[Black "Singpurwala, Kevin"]
[Result "1-0"]
[WhiteTitle "CM"]
[WhiteElo "2117"]
[BlackElo "1847"]
[WhiteICU "2134"]
[BlackICU "1792"]
[WhiteClub "Malahide"]
[BlackClub "Dublin"]
[WhiteNationality "IRL"]
[BlackNationality "IRL"]
[WhiteFideId "2509393"]
[BlackFideId "2508583"]
[PlyCount "113"]
[EventDate "2023.06.03"]
[Source "Live boards"]

{ Event information: <a href="../pairings_drogheda2023.html">Tournament
report</a>. }

1. Nf3 Nf6 2. c4 c5 3. Nc3 Nc6 4. e3 g6 5. d4 cxd4 6. exd4 d6 7. d5 Nb8 8.
h3 Bg7 9. Be3 Qa5 10. Qd2 Nbd7 11. a3 a6 12. b4 Qc7 13. Rc1 O-O 14. Be2 a5
15. Nd4 axb4 16. axb4 Ne5 17. Ndb5 Qd8 18. f4 Ned7 19. O-O Nb8 20. Bf3 Na6
21. Ne2 Bf5 22. Ng3 Bd7 23. Nd4 Nc7 24. Nb3 Na6 25. c5 Ba4 26. Na5 dxc5 27.
bxc5 Qd7 28. Nc4 Bb5 29. Nb6 Qd8 30. Rfd1 Rb8 31. Qa5 Be8 32. c6 Nc7 33.
cxb7 Qd6 34. Nc8 Qa6 35. Qxc7 Rxb7 36. Qc5 Ba4 37. Nxe7+ Kh8 38. Rd2 Nd7
39. Qc4 Bb5 40. Qa2 Qd6 41. Nc6 Re8 42. Ne4 Qf8 43. Bd4 f6 44. Nc5 Ra8 45.
Qc2 Nxc5 46. Bxc5 Qe8 47. Nb4 Ba4 48. Qe4 Qb5 49. d6 Rab8 50. Qd3 Qxd3 51.
Rxd3 Rd7 52. Nd5 Rdb7 53. Nb6 Bb5 54. Bxb7 Bxd3 55. d7 Bb5 56. Bc8 Bxd7 57.
Bxd7 1-0

[Event "Drogheda Congress (Thomson Masters) 2023"]
[Site "Drogheda IRL"]
[Date "2023.06.03"]
[Round "2.4"]
[White "Gudauskas, Martynas"]
[Black "Putar, Leon"]
[Result "0-1"]
[WhiteElo "1831"]
[BlackElo "2081"]
[BlackICU "2047"]
[BlackClub "St. Benildus"]
[WhiteNationality "LTU"]
[BlackNationality "IRL"]
[WhiteFideId "12810312"]
[BlackFideId "14546612"]
[PlyCount "74"]
[EventDate "2023.06.03"]
[Source "Live boards"]

{ Event information: <a href="../pairings_drogheda2023.html">Tournament
report</a>. }

1. e4 e6 2. d4 d5 3. Nc3 Bb4 4. e5 c5 5. a3 Bxc3+ 6. bxc3 Qa5 7. Bd2 Qa4 8.
Nf3 b6 9. Bd3 Ba6 10. O-O Ne7 11. Bg5 Bxd3 12. Qxd3 Nbc6 13. Be3 cxd4 14.
Bxd4 Nf5 15. g4 Nfxd4 16. cxd4 Rc8 17. Rac1 Na5 18. Nd2 Nc4 19. f4 Nb2 20.
Qe3 Rxc2 21. f5 Qc6 22. Rxc2 Qxc2 23. Qg5 Rg8 24. Nf3 h6 25. Rc1 Qe4 26.
Qd2 Nc4 27. Rxc4 dxc4 28. Kf2 Kd7 29. Qb4 Qc6 30. Ke3 c3 31. Qb1 c2 32. Qc1
Qc3+ 33. Ke4 Rc8 34. fxe6+ fxe6 35. Qf4 Qc6+ 36. Kd3 Qb5+ 37. Ke4 Qe2+ 0-1

[Event "Drogheda Congress (Thomson Masters) 2023"]
[Site "Drogheda IRL"]
[Date "2023.06.03"]
[Round "2.5"]
[White "Crowley, James"]
[Black "Hushpit, Lukian"]
[Result "0-1"]
[WhiteElo "1858"]
[BlackElo "1884"]
[WhiteICU "1900"]
[BlackICU "1888"]
[WhiteClub "Gonzaga"]
[WhiteNationality "IRL"]
[BlackNationality "UKR"]
[WhiteFideId "2512580"]
[BlackFideId "14189208"]
[PlyCount "100"]
[EventDate "2023.06.03"]
[Source "Live boards"]

{ Event information: <a href="../pairings_drogheda2023.html">Tournament
report</a>. }

1. e4 e5 2. Nf3 Nc6 3. Bb5 a6 4. Ba4 Nf6 5. O-O Be7 6. Re1 b5 7. Bb3 d6 8.
c3 O-O 9. h3 Na5 10. Bc2 c5 11. d4 cxd4 12. cxd4 Nc6 13. Nbd2 Re8 14. d5
Nb4 15. Bb1 a5 16. Nf1 Bd7 17. Ng3 Bf8 18. a3 Na6 19. b3 g6 20. Bb2 Bg7 21.
Qd2 b4 22. a4 Qb6 23. Bc2 Rac8 24. Rac1 Kh8 25. Kh1 Ng8 26. Qe2 Ne7 27. Bd3
Nc5 28. Bc4 f5 29. exf5 Nxf5 30. Nxf5 Bxf5 31. Nh4 Bd7 32. f4 e4 33. Bxg7+
Kxg7 34. g4 Nd3 35. Ng2 Nxe1 36. Rxe1 Qd4 37. Ne3 Rf8 38. Rf1 Rf7 39. Ng2
h5 40. Kh2 hxg4 41. hxg4 Rh8+ 42. Kg3 Kg8 43. Rd1 Qc3+ 44. Qe3 Rfh7 45.
Qxc3 Rh3+ 46. Kf2 bxc3 47. Be2 Rh1 48. Rxh1 Rxh1 49. Ne3 Rb1 50. Bd1 Rxd1
0-1

[Event "Drogheda Congress (Thomson Masters) 2023"]
[Site "Drogheda IRL"]
[Date "2023.06.03"]
[Round "2.6"]
[White "Campos Calvo-Sotelo, Juan"]
[Black "Goss, Alex"]
[Result "1-0"]
[WhiteElo "1849"]
[BlackElo "1871"]
[BlackICU "1775"]
[BlackClub "Gonzaga"]
[WhiteNationality "ESP"]
[BlackNationality "IRL"]
[WhiteFideId "2251540"]
[BlackFideId "2509407"]
[PlyCount "79"]
[EventDate "2023.06.03"]
[Source "Live boards"]

{ Event information: <a href="../pairings_drogheda2023.html">Tournament
report</a>. }

1. b4 e5 2. a3 a5 3. b5 Bc5 4. e3 d5 5. Bb2 Nd7 6. f4 exf4 7. Bxg7 Qh4+ 8.
g3 fxg3 9. Bg2 gxh2+ 10. Kf1 hxg1=Q+ 11. Kxg1 Qg5 12. Bxh8 Ndf6 13. Qe1 Be6
14. Nc3 d4 15. Na4 Ba7 $6 (15... Bd6 $10) (15... dxe3 $5 16. Nxc5 exd2 17.
Qf2 O-O-O $10) 16. Qh4 Qg6 $6 (16... Qxh4 17. Rxh4 dxe3 $14) 17. b6 $16
cxb6 18. exd4 Bd5 19. Rh2 Bb8 $2 (19... O-O-O $16) 20. Re1+ $18 Kf8 21.
Nxb6 Bxh2+ (21... Bg3 22. Qxh7 $1) 22. Qxh2 Qxg2+ 23. Qxg2 Bxg2 24. Nxa8
Bd5 25. Nb6 h5 26. Nxd5 Nxd5 27. Re5 Nge7 28. Rxh5 Nf4 29. Rxa5 Nc6 30.
Ra8+ Ke7 31. c3 f6 32. Bg7 Kf7 33. Bh6 Nd5 34. Be3 Nb6 35. Rh8 Kg7 36. Rh5
Nc4 37. a4 Nb2 38. Rb5 Nxa4 39. Rxb7+ Kg6 40. d5 1-0

[Event "Drogheda Congress (Thomson Masters) 2023"]
[Site "Drogheda IRL"]
[Date "2023.06.04"]
[Round "3.1"]
[White "Putar, Lara"]
[Black "Flynn, Jacob"]
[Result "0-1"]
[BlackTitle "CM"]
[WhiteElo "1975"]
[BlackElo "2117"]
[WhiteICU "1990"]
[BlackICU "2134"]
[WhiteClub "St. Benildus"]
[BlackClub "Malahide"]
[WhiteNationality "IRL"]
[BlackNationality "IRL"]
[WhiteFideId "14546604"]
[BlackFideId "2509393"]
[PlyCount "46"]
[EventDate "2023.06.03"]
[Source "Live boards"]

{ Event information: <a href="../pairings_drogheda2023.html">Tournament
report</a>. }

1. d4 Nf6 2. c4 e6 3. Nf3 d5 4. g3 dxc4 5. Bg2 c5 6. Qa4+ Bd7 7. Qxc4 Nc6
8. dxc5 Qa5+ 9. Bd2 Qxc5 10. Qxc5 Bxc5 11. Nc3 O-O 12. O-O Rfd8 13. Rfd1
Be7 14. Bf4 Be8 15. Ne5 Rac8 16. Rxd8 Nxd8 17. Rd1 b5 18. Rc1 Bd6 19. Rd1
Bb8 20. a3 $4 (20. Nd3 $14) 20... g5 $19 21. Bxg5 Bxe5 22. Bxf6 Bxf6 23.
Ne4 Be7 0-1

[Event "Drogheda Congress (Thomson Masters) 2023"]
[Site "Drogheda IRL"]
[Date "2023.06.04"]
[Round "3.3"]
[White "Mulay, Pratik"]
[Black "Putar, Leon"]
[Result "1-0"]
[WhiteElo "1998"]
[BlackElo "2081"]
[BlackICU "2047"]
[BlackClub "St. Benildus"]
[WhiteNationality "IND"]
[BlackNationality "IRL"]
[WhiteFideId "5059690"]
[BlackFideId "14546612"]
[PlyCount "47"]
[EventDate "2023.06.03"]
[Source "Live boards"]

{ Event information: <a href="../pairings_drogheda2023.html">Tournament
report</a>. }

1. e4 e6 2. d3 d5 3. Nd2 Nf6 4. Ngf3 c5 5. g3 Nc6 6. Bg2 Be7 7. O-O b6 8.
Re1 Bb7 9. c3 Qc7 10. a3 a5 11. h4 O-O 12. e5 Nd7 13. Qe2 f6 14. Bh3 Ncxe5
15. Bxe6+ Kh8 16. d4 Nxf3+ 17. Qxf3 Qd6 18. Bf5 Rfe8 19. Nc4 dxc4 20. Qxb7
Ne5 21. dxe5 fxe5 22. Qe4 Qf6 23. Bxh7 Rf8 24. Be3 1-0

[Event "Drogheda Congress (Thomson Masters) 2023"]
[Site "Drogheda IRL"]
[Date "2023.06.04"]
[Round "3.4"]
[White "Hushpit, Lukian"]
[Black "Campos Calvo-Sotelo, Juan"]
[Result "1-0"]
[WhiteElo "1884"]
[BlackElo "1849"]
[WhiteICU "1888"]
[WhiteNationality "UKR"]
[BlackNationality "ESP"]
[WhiteFideId "14189208"]
[BlackFideId "2251540"]
[PlyCount "85"]
[EventDate "2023.06.03"]
[Source "Live boards"]

{ Event information: <a href="../pairings_drogheda2023.html">Tournament
report</a>. }

1. e4 a6 2. d4 b5 3. a4 b4 4. c3 e6 5. cxb4 Bxb4+ 6. Bd2 c5 7. Nf3 Bb7 8.
Qb3 Bxe4 9. dxc5 Nc6 10. Bxb4 Rb8 11. Nbd2 Nf6 12. Nxe4 Rxb4 13. Nd6+ Kf8
14. Qc2 Qa5 15. Qd2 Nd5 16. Bd3 Qxc5 17. Ne4 Qa7 18. O-O h6 19. Nc3 Nxc3
20. Qxc3 Qb7 21. Ne5 Nxe5 22. Qxe5 d5 23. Qd6+ Qe7 24. Qxa6 g6 25. a5 Kg7
26. Qc6 Rhb8 27. a6 Qa7 28. Rac1 Rxb2 29. Qc7 Qd4 30. Qc3 Qxc3 31. Rxc3 Ra2
32. Rcc1 Rb3 33. Ra1 Rba3 34. Rxa2 Rxa2 35. f3 Kf6 36. Rb1 Ke5 37. Rb7 Kd4
38. Bb5 Ke3 39. h3 d4 40. Rd7 e5 41. a7 Ra1+ 42. Kh2 Kf2 43. Bc6 1-0

[Event "Drogheda Congress (Thomson Masters) 2023"]
[Site "Drogheda IRL"]
[Date "2023.06.04"]
[Round "3.5"]
[White "Singpurwala, Kevin"]
[Black "Gudauskas, Martynas"]
[Result "0-1"]
[WhiteElo "1847"]
[BlackElo "1831"]
[WhiteICU "1792"]
[WhiteClub "Dublin"]
[WhiteNationality "IRL"]
[BlackNationality "LTU"]
[WhiteFideId "2508583"]
[BlackFideId "12810312"]
[PlyCount "78"]
[EventDate "2023.06.03"]
[Source "Live boards"]

{ Event information: <a href="../pairings_drogheda2023.html">Tournament
report</a>. }

1. d4 Nf6 2. c4 c5 3. d5 d6 4. Qc2 e5 5. Nc3 Be7 6. g3 Nbd7 7. Bg2 Nf8 8.
Nf3 Ng6 9. h3 O-O 10. b3 h6 11. Bb2 a6 12. a4 Nh7 13. h4 f5 14. h5 Nh8 15.
e4 f4 16. O-O-O fxg3 17. fxg3 Bg4 18. Rdf1 Qe8 19. Bh3 Qxh5 20. Bg2 Qg6 21.
Nd1 Bxf3 22. Bxf3 Qxg3 23. Rhg1 Qh4 24. Rg4 Qh3 25. Qe2 Ng5 26. Bg2 Qxb3
27. Nc3 Ng6 28. Rg3 Nf4 29. Qg4 Qxc4 30. Rh1 b5 31. Bf1 Qb4 32. axb5 Rf7
33. bxa6 c4 34. Rh2 Nxe4 35. Nxe4 Qe1+ 36. Qd1 Qxe4 37. Ra3 Nxd5 38. Rd2
Bg5 39. Bg2 Qxg2 0-1

[Event "Drogheda Congress (Thomson Masters) 2023"]
[Site "Drogheda IRL"]
[Date "2023.06.04"]
[Round "4.1"]
[White "Flynn, Jacob"]
[Black "Mulay, Pratik"]
[Result "1-0"]
[WhiteTitle "CM"]
[WhiteElo "2117"]
[BlackElo "1998"]
[WhiteICU "2134"]
[WhiteClub "Malahide"]
[WhiteNationality "IRL"]
[BlackNationality "IND"]
[WhiteFideId "2509393"]
[BlackFideId "5059690"]
[PlyCount "53"]
[EventDate "2023.06.03"]
[Source "Live boards"]

{ Event information: <a href="../pairings_drogheda2023.html">Tournament
report</a>. }

1. d4 d6 2. Nf3 g6 3. g3 Bg7 4. Bg2 Nf6 5. O-O O-O 6. c4 c6 7. Nc3 Nbd7 8.
e4 e5 9. h3 Qa5 10. Be3 Nb6 11. Qd3 exd4 12. Nxd4 Qa6 13. b3 d5 14. exd5
cxd5 15. Ncb5 dxc4 16. bxc4 Qa4 17. Rac1 a6 18. Nc7 Rb8 19. Qb3 Nfd7 20. c5
Qxb3 21. axb3 Na8 22. Nxa8 Rxa8 23. c6 bxc6 24. Nxc6 Kh8 25. Ne7 Rb8 26.
Ba7 Bb7 27. Bxb8 1-0

[Event "Drogheda Congress (Thomson Masters) 2023"]
[Site "Drogheda IRL"]
[Date "2023.06.04"]
[Round "4.2"]
[White "Brady, Stephen"]
[Black "Putar, Lara"]
[Result "1-0"]
[WhiteTitle "FM"]
[WhiteElo "2262"]
[BlackElo "1975"]
[WhiteICU "2271"]
[BlackICU "1990"]
[WhiteClub "St. Benildus"]
[BlackClub "St. Benildus"]
[WhiteNationality "IRL"]
[BlackNationality "IRL"]
[WhiteFideId "2500124"]
[BlackFideId "14546604"]
[PlyCount "65"]
[EventDate "2023.06.03"]
[Source "Live boards"]

{ Event information: <a href="../pairings_drogheda2023.html">Tournament
report</a>. }

1. Nf3 Nf6 2. c4 c5 3. Nc3 Nc6 4. g3 g6 5. Bg2 d6 6. d3 Bg7 7. a3 O-O 8.
O-O a6 9. Rb1 e6 10. b4 Qe7 11. bxc5 dxc5 12. Na4 Nd7 13. Nd2 Na5 14. Ne4
Rb8 15. Bg5 f6 16. Bf4 e5 17. Bd2 Nc6 18. Nexc5 Nxc5 19. Bxc6 Nxa4 20. Qxa4
Qc7 21. Bf3 Bd7 22. Qa5 Qc8 23. Rb6 Bg4 24. Qd5+ Kh8 25. Rfb1 Bxf3 26. Qxf3
Rf7 27. Bb4 f5 28. Bd6 e4 29. dxe4 Ra8 30. c5 Bd4 31. Qb3 Rd7 32. Qd5 Bg7
33. exf5 1-0

[Event "Drogheda Congress (Thomson Masters) 2023"]
[Site "Drogheda IRL"]
[Date "2023.06.04"]
[Round "4.3"]
[White "Daly, Colm"]
[Black "Hushpit, Lukian"]
[Result "1-0"]
[WhiteTitle "FM"]
[WhiteElo "2185"]
[BlackElo "1884"]
[WhiteICU "2183"]
[BlackICU "1888"]
[WhiteClub "Bray/Greystones"]
[WhiteNationality "IRL"]
[BlackNationality "UKR"]
[WhiteFideId "2500434"]
[BlackFideId "14189208"]
[PlyCount "65"]
[EventDate "2023.06.03"]
[Source "Live boards"]

{ Event information: <a href="../pairings_drogheda2023.html">Tournament
report</a>. }

1. Nf3 d5 2. e3 e6 3. b3 f5 4. Bb2 Nf6 5. c4 Bd6 6. g3 c6 7. Bg2 O-O 8. O-O
Bd7 9. d3 Be8 10. Nbd2 Bh5 11. Qc2 Nbd7 12. e4 fxe4 13. dxe4 Bxf3 14. Bxf3
Qb6 15. exd5 exd5 16. cxd5 cxd5 17. Qd3 Kh8 18. Rae1 Bb4 19. Re2 Rad8 20.
Nb1 Nb8 21. a3 Bc5 22. b4 Bd6 23. Bd4 Qc7 24. Nc3 Qc4 25. Rd1 a5 26. Bxf6
Rxf6 27. Qxc4 dxc4 28. Bxb7 Rff8 29. bxa5 Bxa3 30. Rxd8 Rxd8 31. a6 Nxa6
32. Bxa6 Bb4 33. Nd5 1-0

[Event "Drogheda Congress (Thomson Masters) 2023"]
[Site "Drogheda IRL"]
[Date "2023.06.04"]
[Round "4.4"]
[White "Campos Calvo-Sotelo, Juan"]
[Black "Gudauskas, Martynas"]
[Result "0-1"]
[WhiteElo "1849"]
[BlackElo "1831"]
[WhiteNationality "ESP"]
[BlackNationality "LTU"]
[WhiteFideId "2251540"]
[BlackFideId "12810312"]
[PlyCount "92"]
[EventDate "2023.06.03"]
[Source "Live boards"]

{ Event information: <a href="../pairings_drogheda2023.html">Tournament
report</a>. }

1. b4 e5 2. a3 f5 3. e3 Nf6 4. c4 Be7 5. Bb2 d6 6. Nf3 O-O 7. Nc3 c6 8. Be2
Qe8 9. Qb3 Kh8 10. d4 e4 11. Ng5 Qg6 12. h4 h6 13. O-O-O hxg5 14. hxg5+ Nh7
15. f4 exf3 16. gxf3 Bxg5 17. f4 Bh6 18. Rdg1 Qe8 19. Rg3 Nd7 20. Bh5 Qe7
21. d5 Ndf6 22. Ne2 Bd7 23. Bf3 Rae8 24. Bd4 c5 25. bxc5 dxc5 26. Be5 b5
27. Rgh3 Kg8 28. Ng3 Ng4 29. Bxg4 fxg4 30. Rh5 Qf7 31. Ne4 Rxe5 32. fxe5
Qf3 33. Nd6 Bf5 34. Nxf5 Rxf5 35. Rxf5 Bxe3+ 36. Kc2 Qxf5+ 37. Qd3 Qf2+ 38.
Kb3 Nf8 39. Rf1 Qg2 40. cxb5 Bd4 41. Ka4 Qxd5 42. Re1 Ne6 43. Qb3 c4 44.
Qb4 Nc5+ 45. Ka5 Qe6 46. b6 Bc3 0-1